Biblioteca popular : Colombia: ELN : unidad que multiplica /

Edición popular, a manera de folletos, de entrevistas realizadas a diversas personas dirigentes de organizaciones revolucionarias o políticas sobre los movimientos armados en América Latina. Se trata de un esfuerzo de reconstrucción histórica de hechos y acontecimientos que han tenido impacto en la...

Deskribapen osoa

Gorde:
Xehetasun bibliografikoak
Egile nagusia: Harnecker, Marta (entrevista y edición)
Formatua: Liburua
Hizkuntza:gaztelania
Saila:(Biblioteca Popular)
Gaiak:
Etiketak: Etiketa erantsi
Etiketarik gabe, Izan zaitez lehena erregistro honi etiketa jartzen!

MARC

LEADER 00000nam^a2200000^a^4500
001 000385558
005 20250526000000.0
009 20260310120936.56
037 |a Acervo ITESO - Biblioteca 
041 |a ESP 
082 |a 320. 980  |b BIB V. 1 T. 2 
100 |a Harnecker, Marta  |e (entrevista y edición) 
240 1 1 |a [Biblioteca popular] 
245 1 0 |a Biblioteca popular :  |b Colombia: ELN : unidad que multiplica /  |c Entrevista y ed. de M. Harnecker. 
264 |a La Habana, Cuba :  |b editorial no identificada,  |c 1988 
300 |a 24 p. ;  |c 30.0 cm. 
440 1 |a (Biblioteca Popular) 
520 |a Edición popular, a manera de folletos, de entrevistas realizadas a diversas personas dirigentes de organizaciones revolucionarias o políticas sobre los movimientos armados en América Latina. Se trata de un esfuerzo de reconstrucción histórica de hechos y acontecimientos que han tenido impacto en la vida política y social desde su surgimiento. 
649 |a XX 
650 |a Revolucionarios Colombianos 
650 |a Guerrilla -  |z Colombia -  |x Historia -  |x Tema Principal 
650 |a Izquierda, La -  |z Colombia -  |x Tema Principal 
650 |a Izquierda, La -  |z Latinoamérica 
650 |a Neoliberalismo -  |z Latinoamérica 
650 |a Globalización 
650 |a Conflicto Social -  |z Colombia 
650 |a Guerra y Paz -  |z Colombia 
650 |a Partidos Políticos -  |z Colombia 
650 |a Democracia -  |z Colombia 
650 |a Movimientos Políticos -  |z Colombia 
650 |a Movimientos Sociales -  |z Colombia 
650 |a Movimientos Políticos -  |z Latinoamérica 
650 |a Movimientos Sociales -  |z Latinoamérica 
650 |a Política -  |z Colombia -  |x Historia -  |y Siglo XX 
650 |a Colombia -  |x Condiciones Sociales y Culturales 
650 |a Colombia -  |x Condiciones Políticas 
650 |a Latinoamérica -  |x Condiciones Sociales y Culturales 
650 |a Latinoamérica -  |x Condiciones Políticas 
600 |a Torres, Camilo 
910 |a Fondo Carlos Núñez Hurtado 
920 |a Impresos - Libros 
930 |a Libros Antiguos y Raros 
905 |a 108 
901 |a 0500280303  |b IT2  |c LRA  |i D83087  |u 20250526 
902 |a https://opac.biblio.iteso.mx/vufind/Record/000385558